FIREBORNE / (Record no. 204031)

MARC details
000 -LEADER
fixed length control field 01768nam a2200277 i 4500
003 - CONTROL NUMBER IDENTIFIER
control field OSt
005 - DATE AND TIME OF LATEST TRANSACTION
control field 20260427093317.0
008 - FIXED-LENGTH DATA ELEMENTS--GENERAL INFORMATION
fixed length control field 260427s2025 enk gr 000 f eng d
020 ## - INTERNATIONAL STANDARD BOOK NUMBER
International Standard Book Number 9780241771259
Terms of availability RM 72.95
Qualifying information paperback
040 ## - CATALOGING SOURCE
Original cataloging agency PPAK
Language of cataloging eng
Transcribing agency PPAK
Description conventions rda
082 04 - DEWEY DECIMAL CLASSIFICATION NUMBER
Edition number 23
Classification number 813.6
090 00 - LOCALLY ASSIGNED LC-TYPE CALL NUMBER (OCLC); LOCAL CALL NUMBER (RLIN)
Classification number (OCLC) (R) ; Classification number, CALL (RLIN) (NR) 813.6
Feature heading MUN
Feature heading G
100 1# - MAIN ENTRY--PERSONAL NAME
Personal name Munda, Rosaria,
Relator term author.
245 10 - TITLE STATEMENT
Title FIREBORNE /
Statement of responsibility, etc. ROSARIA MUNDA
264 #1 - PRODUCTION, PUBLICATION, DISTRIBUTION, MANUFACTURE, AND COPYRIGHT NOTICE
Place of production, publication, distribution, manufacture London :
Name of producer, publisher, distributor, manufacturer Dorling Kindersley Limited,
Date of production, publication, distribution, manufacture, or copyright notice [2025]
300 ## - PHYSICAL DESCRIPTION
Extent 431, 11 pages ;
Dimensions 20 cm
336 ## - CONTENT TYPE
Content type term text
Source rdacontent
337 ## - MEDIA TYPE
Media type term unmediated
Source rdamedia
338 ## - CARRIER TYPE
Carrier type term volume
Source rdacarrier
520 ## - SUMMARY, ETC.
Summary, etc. "When the revolution came, everything changed. The old rulers were overthrown and the city’s traditions were shattered. Annie and Lee grew up in the aftermath, their lives shaped by the chaos. Brought together in the same orphanage and despite their differences, they became each other’s closest ally. But years of training have turned their friendship into rivalry as they now compete to lead the city’s legendary dragonriders. Just as they’re finding their footing, a new threat arises: survivors of the old regime are back, determined to take revenge. As dragons soar into battle and the city’s future hangs in the balance, Annie and Lee must decide what truly matters: the bonds of family, the loyalty of friendship, or the destiny they’ve been fighting for all along.An action-packed adventure of courage, betrayal, and the choices that shape us, this is a story about discovering where you belong – and who you are willing to fight for."--
Assigning source Publisher's website
650 10 - SUBJECT ADDED ENTRY--TOPICAL TERM
Topical term or geographic name entry element Dragons
Form subdivision Fiction
Topical term or geographic name entry element Orphans
Form subdivision Fiction
Topical term or geographic name entry element Loyalty
Form subdivision Fiction
Topical term or geographic name entry element Social class
Form subdivision Fiction
942 ## - ADDED ENTRY ELEMENTS (KOHA)
Source of classification or shelving scheme Dewey Decimal Classification
Koha item type Book

No items available.